000
00205nam a2200085Ia 4500
008
220204s9999 xx 000 0 und d
082
_a
058(548.3)
_b
TRA
245
0
_a
Travancore directory for 1939
942
_c
BK
999
_c
19833
_d
19833